Science in traditional China : a comparative perspective /

Bibliographic Details
Main Author: Needham, Joseph, 1900-1995 (Author)
Format: Book
Language:English
Published: Cambridge, Massachusetts : Hong Kong : Harvard University Press ; The Chinese University Press, 1981.
Subjects:

MARC

Tag First Indicator Second Indicator Subfields
LEADER 00000cam a2200000 a 4500
001 in00000082762
008 810818s1981 maua b 000 0 eng
005 20251003134607.3
010 |a  81006962  
016 7 |a 8310283  |2 DNLM 
020 |a 0674794389 
020 |a 9780674794382 
020 |a 0674794397  |q (pbk.) 
020 |a 9780674794399  |q (pbk.) 
029 1 |a AU@  |b 000002074645 
029 1 |a NLGGC  |b 811418383 
029 1 |a NLM  |b 8310283 
029 1 |a NZ1  |b 2870521 
035 |a (OCoLC)ocm07737781 
035 |a (OCoLC)7737781 
035 |a (OCoLC)ocm07737781 
040 |a DLC  |b eng  |c DLC  |d NLM  |d MUQ  |d BAKER  |d NLGGC  |d BTCTA  |d YDXCP  |d BON  |d GBVCP  |d OCLCF  |d OCLCQ  |d OCLCO  |d OCLCA  |d L2U  |d IL4J6  |d OCLCO  |d GYG  |d OCLCO  |d OCLCL  |d IG#  |d OCLCL  |d OCLCQ 
043 |a a-cc--- 
050 0 0 |a Q127.C5  |b N46 1981 
082 0 0 |a 509.51  |2 19  |1 https://id.oclc.org/worldcat/ddc/E3wJVKbb8rQQPKhJTQXxfyhQGr 
084 |a 02.01  |2 bcl 
100 1 |a Needham, Joseph,  |d 1900-1995,  |e author.  |4 aut  |1 https://id.oclc.org/worldcat/entity/E39PBJrRjgBjx7qb6c8cXQBdcP 
245 1 0 |a Science in traditional China :  |b a comparative perspective /  |c Joseph Needham. 
264 1 |a Cambridge, Massachusetts :  |b Harvard University Press ;  |a Hong Kong :  |b The Chinese University Press,  |c 1981. 
300 |a x, 134 pages :  |b illustrations ;  |c 24 cm 
336 |a text  |b txt  |2 rdacontent 
337 |a unmediated  |b n  |2 rdamedia 
338 |a volume  |b nc  |2 rdacarrier 
504 |a Includes bibliographical references. 
505 0 0 |t The epic of gunpowder and firearms, developing from alchemy --  |t Comparative macrobiotics --  |t The history and rationale of acupuncture and moxibustion --  |t Attitudes toward time and change as compared with Europe --  |t Appendix: Table of Chinese dynasties. 
650 0 |a Science  |z China  |x History. 
650 2 |a Science  |x history 
651 2 |a China 
650 6 |a Sciences  |z Chine  |x Histoire. 
650 7 |a 02.01 history of science and culture.  |0 (NL-LeOCL)077592433  |2 bcl 
650 7 |a Science.  |2 fast  |0 (OCoLC)fst01108176 
651 7 |a China.  |2 fast  |0 (OCoLC)fst01206073  |1 https://id.oclc.org/worldcat/entity/E39PBJcrd4RjtCBk4wfMhTwwG3 
650 1 7 |a Wetenschappen.  |2 gtt 
650 7 |a Science  |z China  |x History.  |2 nli 
653 0 |a Science  |a History  |a China 
655 7 |a History.  |2 fast  |0 (OCoLC)fst01411628 
655 7 |a History (form)  |0 (NL-LeOCL)088143147  |2 gtt 
776 0 8 |i Online version:  |a Needham, Joseph, 1900-1995.  |t Science in traditional China.  |d Cambridge, Mass. : Harvard University Press, 1981  |w (OCoLC)608139005 
938 |a Ingram Library Services  |b INGR  |n in000016700 
938 |a Baker & Taylor  |b BKTY  |c 12.50  |d 12.50  |i 0674794389  |n 0006994872  |s active 
938 |a Baker and Taylor  |b BTCP  |n 81006962 
938 |a YBP Library Services  |b YANK  |n 537750 
948 |h HELD BY TXA - 705 OTHER HOLDINGS 
994 |a Z0  |b TXA 
999 f f |s 7c1a4902-6c5a-3815-9087-a9b687d53f2a  |i 0345f703-9a15-336e-9bff-858d8ab254a0  |t 0 
952 f f |p noncirc  |a Texas A&M University  |b College Station  |c Cushing Memorial Library & Archives  |d Cushing: Sports/Smith Martial Arts (Does not check out)  |t 0  |e Q127.C5 N46 1981  |h Library of Congress classification  |i unmediated -- volume  |m A1485345148A 
952 f f |p normal  |a Texas A&M University  |b College Station  |c Sterling C. Evans Library  |d Evans: Library Stacks  |t 0  |e Q127.C5 N46 1981  |h Library of Congress classification  |i unmediated -- volume  |m A14806198921 
998 f f |a Q127.C5 N46 1981  |t 0  |l Cushing: Sports/Smith Martial Arts (Does not check out) 
998 f f |a Q127.C5 N46 1981  |t 0  |l Evans: Library Stacks